Modern astrophysics a memorial to Otto struve (Record no. 3395)

MARC details
000 -LEADER
fixed length control field 00455nam a2200157Ia 4500
003 - CONTROL NUMBER IDENTIFIER
control field IN-BaIIA
008 - FIXED-LENGTH DATA ELEMENTS--GENERAL INFORMATION
fixed length control field 211028s9999 xx 000 0 eng d
040 ## - CATALOGING SOURCE
Transcribing agency IIA Library
080 ## - UNIVERSAL DECIMAL CLASSIFICATION NUMBER
Universal Decimal Classification number 524
Item number HAC
100 ## - MAIN ENTRY--PERSONAL NAME
Personal name Hack, M.
9 (RLIN) 6016
245 #0 - TITLE STATEMENT
Title Modern astrophysics a memorial to Otto struve
Statement of responsibility, etc. M. Hack
260 ## - PUBLICATION, DISTRIBUTION, ETC.
Place of publication, distribution, etc. Paris
Name of publisher, distributor, etc. Gauthier Villars
Date of publication, distribution, etc. 1967
300 ## - PHYSICAL DESCRIPTION
Extent 360p.
650 ## - SUBJECT ADDED ENTRY--TOPICAL TERM
Topical term or geographic name entry element Astrophysics
9 (RLIN) 794
942 ## - ADDED ENTRY ELEMENTS (KOHA)
Koha item type Books
Holdings
Withdrawn status Lost status Damaged status Not for loan Home library Current library Shelving location Date acquired Cost, normal purchase price Total Checkouts Full call number Barcode Date last seen Cost, replacement price Price effective from Koha item type Purchase Price
        IIA Library-Bangalore IIA Library-Bangalore General Stacks 06/03/1970 122.40   524/ HAC 3775 05/11/2021 122.40 06/03/1970 Books Rs. 122.40

Powered by Koha